| 000 | 00821nam a2200253 a 4500 | ||
|---|---|---|---|
| 001 | 000005726 | ||
| 003 | DO-SdBNP | ||
| 005 | 20251028135812.0 | ||
| 008 | 980923s1999 ve a b 001 0 spa | ||
| 020 | _z9800746112 | ||
| 040 |
_aDO-SdBNP _bspa _cBNPHU |
||
| 050 | 0 | 0 |
_aF2341.M2 _bG56 1998 |
| 082 |
_a987/.23 _b21 _bP852g, 1999. |
||
| 100 | 1 |
_aPortillo, Julio, _d1944- _916192 |
|
| 245 | 1 | 3 |
_aEl glorioso ayer : _bMaracaibo 1870-1935 / _cJulio Portillo. |
| 250 | _a3a. ed. | ||
| 260 |
_aCaracas, Venezuela : _bArte, _c1999. |
||
| 300 |
_a207 p. : _bil. ; _c31 cm. |
||
| 504 | _aIncluye referencias bibliográficas: (p. 201-207) .. | ||
| 651 | 4 |
_aMaracaibo (Venezuela{Rpara} _vPictorial works. _916193 |
|
| 651 | 4 |
_aMaracaibo (Venezuela) _xHistory. _916194 |
|
| 910 | _aCatalogación original noche. | ||
| 942 |
_2ddc _cLBS1 |
||
| 999 |
_c5522 _d5522 |
||